| 000 | 00445nam a22001697a 4500 | ||
|---|---|---|---|
| 999 |
_c526588 _d526588 |
||
| 003 | NUST | ||
| 020 | _qH/B | ||
| 038 | _awaseem | ||
| 082 |
_a891.421 _bBAH |
||
| 100 |
_aBahu, Hazrat Sultan _916850 |
||
| 245 |
_aKalam-e-Bahu / _cHazrat Sultan Bahu |
||
| 260 |
_aLahore : _bAl-Faisal, _c[s.l]. |
||
| 300 | _a120 p. ; | ||
| 880 |
_6100-01\r _aحضرت سُلطان باہوُ / |
||
| 880 |
_6245-02\r _aکلامِ باہوُ / |
||
| 942 |
_2ddc _cBK |
||